| 000 | 01149nam a2200253 a 4500 | ||
|---|---|---|---|
| 003 | OSt | ||
| 005 | 20260629152912.0 | ||
| 008 | |||
| 020 | _a9966831169 (Paperback) | ||
| 024 | _c[ ] | ||
| 040 |
_cNUST _aNUST _beng _dNUST _erda |
||
| 050 | _aHD6054.4.A35 BRA | ||
| 245 | 1 | 0 |
_aProceedings of a Brainstorming Meeting on Building Technical Capacity and Gender Advocacy of Young Professional Women in Africa : _bJune 9-12, 1993, Nairobi, Kenya : a collaborative project of the United Nations Development Fund for Women (UNIFEM) and the African Academy of Sciences (AAS) / _c[editing and design by Annalee Ng'eny-Mengech] |
| 260 |
_aNairobi : _bUNIFEM : _bAAS, _c©1994. |
||
| 300 |
_a87 pages : _billustrations ; _c25 cm. |
||
| 336 |
_2rdacontent _atext _btxt |
||
| 337 |
_2rdamedia _aunmediated _bn |
||
| 338 |
_2rdacarrier _avolume _bnc |
||
| 504 | _aIncludes bibliographical references. | ||
| 650 | 0 |
_aWomen executives _xTraining of _zAfrica _xCongresses. |
|
| 700 | 2 |
_aNgeny-Mengech, A. _eeditor |
|
| 907 |
_a.b10086572 _b10-07-06 _c25-08-03 |
||
| 942 |
_cBOOKS _kHD _mBRA _2lcc _hHD6054.4.A35 BRA _n0 |
||
| 999 |
_c147704 _d147704 |
||